000 00598nam a2200217 i 4500
001 104018
003 ES-MaACL
005 20230906183507.0
007 t|
008 051122s1956 sp ||||1| spa d
100 1 _aMéthivier, Hubert.
_980728
245 1 0 _aLuis XIV /
_cHubert Méthivier; versión española de Zoe Godoy.
250 _a[1ª ed. española].
260 _aBarcelona :
_bSalvat,
_c1956.
300 _a3 h., 170 p. ;
_c17 cm.
490 1 _aSurco
700 1 _aGodoy, Zoe.
_957541
830 0 _aSurco
_9181374
852 _aES-MaACL
_jC-11676
_bR.39575
999 _c104018
_d104018